| 000 | 00363nam a22001337a 4500 | ||
|---|---|---|---|
| 005 | 20160303152044.0 | ||
| 008 | 160303b xxu||||| |||| 00| 0 eng d | ||
| 040 | _cPK-LaUMT | ||
| 082 |
_aMMC 954.91 _bPAK- |
||
| 245 | _aPakistan human condition report 2002 | ||
| 260 |
_aIslamabad _bCentre for research on poverty redution _c2002 |
||
| 300 | _a322 p. | ||
| 942 | _cBK | ||
| 999 |
_c84090 _d84090 |
||